000
00262nam a22001097a 4500
082
_a
808.1 FAN'G
100
_a
GLOVER, C. M
_9
57780
245
_a
FAVOURITE POEMS AN ANTHOLOGY FOR YOUNG PEOPLE
260
_a
LONDON
_b
MACMLLAN
_c
1957
300
_a
129P
942
_c
BK
999
_c
568036
_d
568036